000 00435nam a2200169Ia 4500
003 GCL
008 140319s9999 xx 000 0 ara d
040 _aGCL /
_cGCL
082 0 4 _a813.03
_bم ا
100 1 _aمحمود منسى
245 1 0 _a200 سنة الى الوراء /
_cمحمود منسى
300 _a232 ص
490 _a
650 0 4 _aالادب العربى
650 0 4 _aالقصص العربية
942 _2ddc
_cBK
999 _c45085
_d45085